Caricamento...

Encyclopedia of Indian parliament

Dettagli Bibliografici
Autore principale: Hans Raj
Natura: Printed Book
Pubblicazione: New Delhi, Anmol Publications 1998
Serie:3
Soggetti:
LEADER 006560000a22002290004500
020 |a 81-7488-165-4 
082 |a 328.540 03 N6.3 
100 |a Hans Raj 
245 |a Encyclopedia of Indian parliament 
260 |a New Delhi, Anmol Publications 
260 |c 1998 
465 |a R 15,000(set) 
490 |a 3 
650 |a Elections 
650 |a Immunities 
650 |a Legislative bodies 
650 |a Legislators 
650 |a Privileges 
650 |a Statistics 
942 |c BK 
999 |c 7178  |d 7178 
952 |0 0  |1 0  |4 0  |6 328_540000000000000_03_N6_3  |7 0  |8 REF  |9 6972  |a MGUL  |b MGUL  |d 2013-07-16  |e R 15,000(set)  |l 0  |o 328.540 03 N6.3  |p 26615  |r 2013-07-16  |w 2013-07-16  |y REF